New York Former and Current Municipalities - Statistics

General Stats
  • This quiz has been taken 22 times
    18 since last reset
  • The average score is 59 of 2133
Answer Stats
Municipality % Correct
C
67%
New York
58%
Rochester
58%
Rome
58%
Utica
58%
Albany
50%
Buffalo
50%
Hempstead
50%
Niagara Falls
50%
Syracuse
50%
Troy
50%
Binghamton
42%
Bronx
42%
Brooklyn
42%
Poughkeepsie
42%
Schenectady
42%
White Plains
42%
Cooperstown
33%
Hamilton
33%
Hudson
33%
Irving
33%
Ithaca
33%
Mount Vernon
33%
North Sea
33%
Ossining
33%
Plattsburgh
33%
Pleasantville
33%
Queens
33%
Rye
33%
Staten Island
33%
Tarrytown
33%
Yonkers
33%
Adams
25%
Ardsley
25%
Batavia
25%
Bronxville
25%
Cold Spring
25%
Corning
25%
East Hampton
25%
Elmira
25%
Islip
25%
Kingston
25%
Mamaroneck
25%
Manhattan
25%
Middletown/New Rochelle
25%
Newburgh
25%
New Rochelle
25%
Nyack
25%
Oneida
25%
Oyster Bay
25%
Port Jefferson
25%
Scarsdale
25%
Seneca Falls
25%
Somers
25%
Stony Brook
25%
Union
25%
Warren
25%
Watkins Glen
25%
Westhampton
25%
Woodstock
25%
Addison
17%
Alfred
17%
Amityville
17%
Amsterdam
17%
Athens
17%
Auburn
17%
Avon
17%
Bath
17%
Beacon
17%
Bedford
17%
Bedford Hills
17%
Belmont
17%
Brewster
17%
Brockport
17%
Brookhaven
17%
Central Islip
17%
Clinton
17%
Cortland
17%
Croton On Hudson
17%
Dannemora
17%
Depew
17%
Dobbs Ferry
17%
East Islip
17%
East Meadow
17%
Fishkill
17%
Fredonia
17%
Freeport
17%
Garden City
17%
Geneseo
17%
Geneva
17%
Glen Cove
17%
Glens Falls
17%
Goshen
17%
Hamburg
17%
Hampton
17%
Hastings
17%
Herkimer
17%
Hunt
17%
Huntington
17%
Hyde Park
17%
Irvington
17%
Jay
17%
Jefferson
17%
Lake Placid
17%
Larchmont
17%
Levittown
17%
Lewis
17%
Lindenhurst
17%
Liverpool
17%
Long Beach
17%
Mahopac
17%
Malverne
17%
Massapequa
17%
Merrick
17%
Middletown
17%
Millbrook
17%
Mineola
17%
Mohawk
17%
Montauk
17%
Monticello
17%
Morris
17%
Morrisville
17%
Mount Kisco
17%
Nanuet
17%
New City
17%
New Hartford
17%
New Hyde Park
17%
New Paltz
17%
North Salem
17%
North Tonawanda
17%
Norwich
17%
Oneonta
17%
Oswego
17%
Palisades
17%
Patchogue
17%
Peekskill
17%
Pelham
17%
Pittsford
17%
Port Chester
17%
Port Jervis
17%
Port Washington
17%
Potsdam
17%
Purchase
17%
Quogue
17%
Red Hook
17%
Riverhead
17%
Ronkonkoma
17%
Roslyn
17%
Saratoga Springs
17%
Seaford
17%
Shelter Island
17%
Sherrill
17%
Southampton
17%
Spring Valley
17%
Syosset
17%
Tonawanda
17%
Tuckahoe
17%
Uniondale
17%
Watertown
17%
West Point
17%
Westport
17%
Woodbury
17%
Wyoming
17%
York
17%
Adamsville
8%
Adrian
8%
Albertson
8%
Albion
8%
Allentown
8%
Almond
8%
Altamont
8%
Alton
8%
Angola
8%
Annandale-on-Hudson
8%
Arlington
8%
Armonk
8%
Attica
8%
Au Sable Forks
8%
Austerlitz
8%
Babylon
8%
Baldwin
8%
Bay Shore
8%
Bellerose
8%
Bellmore
8%
Bellport
8%
Berlin
8%
Bethpage
8%
Big Flats
8%
Brentwood
8%
Briarcliff Manor
8%
Bridgehampton
8%
Bridgeport
8%
Bridgewater
8%
Brocton
8%
Buchanan
8%
Calverton
8%
Cambridge
8%
Camillus
8%
Campbell
8%
Canton
8%
Carle Place
8%
Carmel
8%
Cassville
8%
Catskill
8%
Cayuga
8%
Cedarhurst
8%
Centereach
8%
Centerville
8%
Champlain
8%
Chappaqua
8%
Chatham
8%
Chautauqua
8%
Chazy
8%
Cheshire
8%
Chester
8%
Clarksville
8%
Clay
8%
Clayville
8%
Cobleskill
8%
Cohoes
8%
Cold Spring Harbor
8%
Copiague
8%
Cornwall
8%
Cuba
8%
Cutchogue
8%
Delmar
8%
Dover Plains
8%
Dublin
8%
Dunkirk
8%
Eastchester
8%
Elizabethtown
8%
Ellenville
8%
Elmont
8%
Elmsford
8%
Endicott
8%
Endwell
8%
Essex
8%
Farmingdale
8%
Farmington
8%
Fayette
8%
Fayetteville
8%
Floral Park
8%
Florida
8%
Fort Drum
8%
Franklin
8%
Franklin Square
8%
Fulton
8%
Ghent
8%
Glen Head
8%
Gloversville
8%
Goldens Bridge
8%
Grand Island
8%
Great Neck
8%
Greenwich
8%
Hampton Bays
8%
Harris
8%
Harrison
8%
Hartford
8%
Hartsdale
8%
Haverstraw
8%
Hawthorne
8%
Herricks
8%
Hewlett
8%
Hicksville
8%
Hornell
8%
Hunter
8%
Huntington Station
8%
Inwood
8%
Jamestown
8%
Jefferson Valley
8%
Johnson
8%
Johnson City
8%
Johnstown
8%
Katonah
8%
Keene
8%
Kinderhook
8%
La Fayette
8%
Lake George
8%
Laurel
8%
Liberty
8%
Lido Beach
8%
Little Falls
8%
Lockport
8%
Lynbrook
8%
Lyon Mountain
8%
Madison
8%
Maine
8%
Malone
8%
Manhasset
8%
Marion
8%
Massapequa Park
8%
Massena
8%
Mastic
8%
Mayfield
8%
Medford
8%
Melville
8%
Mendon
8%
Millers
8%
Millerton
8%
Milton
8%
Mineville
8%
Monroe
8%
Montgomery
8%
Mooers
8%
Morristown
8%
Mount Airy
8%
Mount Morris
8%
Naples
8%
Nassau
8%
Newark
8%
New Hamburg
8%
Norfolk
8%
Oceanside
8%
Old Westbury
8%
Olean
8%
Ontario
8%
Oran
8%
Orangeburg
8%
Orchard Park
8%
Oriskany
8%
Oriskany Falls
8%
Ovid
8%
Owego
8%
Oxford
8%
Pearl River
8%
Peru
8%
Pine Plains
8%
Plainview
8%
Pleasant Valley
8%
Port Henry
8%
Putnam Valley
8%
Redford
8%
Ripley
8%
Rockville Centre
8%
Romulus
8%
Roosevelt
8%
Roscoe
8%
Rouses Point
8%
Roxbury
8%
Salamanca
8%
Salem
8%
Saranac
8%
Saugerties
8%
Sauquoit
8%
Sayville
8%
Schoharie
8%
Scio
8%
Shirley
8%
Shrub Oak
8%
South Salem
8%
Suffern
8%
Tappan
8%
Thiells
8%
Thornwood
8%
Ticonderoga
8%
Tully
8%
Tuxedo Park
8%
Valhalla
8%
Valley Stream
8%
Vernon
8%
Verona
8%
Verplanck
8%
Vestal
8%
Waccabuc
8%
Walden
8%
Wantagh
8%
Wappingers Falls
8%
Warrensburg
8%
Washington Mills
8%
Waterloo
8%
Waterville
8%
Watervliet
8%
West Albany
8%
Westbury
8%
Westfield
8%
West Hempstead
8%
West Islip
8%
Westmoreland
8%
West Nyack
8%
Whitehall
8%
Williamstown
8%
Willsboro
8%
Wilmington
8%
Wilson
8%
Windsor
8%
Woodmere
8%
Wyandanch
8%
Yaphank
8%
Yorktown Heights
8%
Accord
0%
Acra
0%
Adams Basin
0%
Adams Center
0%
Adirondack
0%
Afton
0%
Akron
0%
Akron Junction
0%
Albion Center
0%
Alcove
0%
Alden
0%
Alden Center
0%
Alder Creek
0%
Alexander
0%
Alexandria Bay
0%
Allegany
0%
Alma
0%
Alpine
0%
Alplaus
0%
Altmar
0%
Altona
0%
Amagansett
0%
Amenia
0%
Amity Orange County
0%
Ancram
0%
Ancramdale
0%
Andes
0%
Andes (CDP)
0%
Andover
0%
Angelica
0%
Angola on the Lake
0%
Antwerp
0%
Apalachin
0%
Appleton
0%
Apulia Station
0%
Aquebogue
0%
Arbor Hill Albany
0%
Arcade
0%
Arden
0%
Arena
0%
Argyle
0%
Arietta
0%
Arkport
0%
Arkville
0%
Armor
0%
Ashland
0%
Ashville
0%
Athol Springs
0%
Atlantic Beach
0%
Auriesville
0%
Aurora
0%
Ava
0%
Averill Park
0%
Avoca
0%
Bagdad
0%
Bainbridge
0%
Baiting Hollow
0%
Bakers Mills
0%
Baldwin Harbor
0%
Baldwinsville
0%
Ballston Lake
0%
Ballston Spa
0%
Balmville
0%
Bangall
0%
Banksville
0%
Barbourville
0%
Bardonia
0%
Bardwell Mill
0%
Barker
0%
Barneveld
0%
Barnum Island
0%
Barre Center
0%
Barrytown
0%
Barton
0%
Basom
0%
Battenville
0%
Bay Park
0%
Bayport
0%
Bayville
0%
Baywood
0%
Beach Ridge
0%
Beartown
0%
Beaverdam Lake–Salisbury Mills
0%
Beaver Dams
0%
Beaver Falls
0%
Beaver River
0%
Bedell
0%
Bedford Corners
0%
Beerston
0%
Belfast
0%
Bellerose Terrace
0%
Belleville
0%
Bellevue Erie County
0%
Bellona
0%
Bellvale
0%
Belvidere
0%
Bemis Heights
0%
Bemus Point
0%
Benson
0%
Bergen
0%
Berkshire
0%
Berne
0%
Bernhards Bay
0%
Bethel
0%
Bethel-Christian Avenue-Laurel Hill Historical District
0%
Big Moose
0%
Big Tree
0%
Billington Heights
0%
Black Creek
0%
Black River
0%
Black Rock
0%
Black Rock Buffalo
0%
Blairville
0%
Blakeley
0%
Blauvelt
0%
Blockville
0%
Bloodville
0%
Bloomfield
0%
Bloomingburg
0%
Bloomingdale
0%
Blooming Grove
0%
Bloomington
0%
Bloomville
0%
Blossom
0%
Blossvale
0%
Blue Mountain Lake
0%
Blue Point
0%
Boght Corners
0%
Bohemia
0%
Bolivar
0%
Bolton Landing
0%
Bombay
0%
Boonville
0%
Border City
0%
Borodino
0%
Boston
0%
Boston Corner
0%
Bovina Center
0%
Bowerstown
0%
Bowmansville
0%
Bradford
0%
Brainard
0%
Brainardsville
0%
Branchport
0%
Brant
0%
Brant Lake
0%
Brasher Falls
0%
Breakabeen
0%
Breesport
0%
Brewerton
0%
Brewster Hill
0%
Brick Tavern
0%
Bridgeville
0%
Brier Hill
0%
Brighton Erie County
0%
Brightwaters
0%
Brinckerhoff
0%
Broadalbin
0%
Brockville
0%
Brookfield
0%
Brooktondale
0%
Brookview
0%
Brownville
0%
Brushton
0%
Burdett
0%
Burke
0%
Burlingham
0%
Burlington Flats
0%
Burnt Hills
0%
Burt
0%
Busti
0%
Butler Center
0%
Butternut Grove
0%
Byron
0%
Cadyville
0%
Cairo
0%
Calcium
0%
Caledonia
0%
Callicoon
0%
Callicoon Center
0%
Cambria Center
0%
Cambria Heights
0%
Camden
0%
Cameron
0%
Cameron Mills
0%
Canaan
0%
Canada Lake
0%
Canajoharie
0%
Canandaigua
0%
Canaseraga
0%
Canastota
0%
Candor
0%
Caneadea
0%
Canisteo
0%
Canisteo Center
0%
Cannonsville
0%
Canoga
0%
Cape Vincent
0%
Cardiff
0%
Carlisle
0%
Carlisle Gardens
0%
Carnegie
0%
Caroga Lake
0%
Carpenter's Point
0%
Carthage
0%
Cassadaga
0%
Castile
0%
Castle Creek
0%
Castle Point
0%
Castleton On Hudson
0%
Castorland
0%
Cato
0%
Cattaraugus
0%
Caughnawaga
0%
Cayuta
0%
Cazenovia
0%
Cedarville
0%
Celoron
0%
Centenary
0%
Centerfield
0%
Center Lisle
0%
Center Moriches
0%
Centerport
0%
Central Nyack
0%
Central Square
0%
Central Valley
0%
Chaffee
0%
Charlotte
0%
Charlotte Rochester
0%
Charlotteville
0%
Chase Mills
0%
Chateaugay
0%
Chaumont
0%
Chedwel
0%
Chelsea Dutchess County
0%
Chemung
0%
Chenango Bridge
0%
Chenango Forks
0%
Cherry Creek
0%
Cherry Creek (hamlet)
0%
Cherry Grove
0%
Cherry Valley
0%
Chestertown
0%
Chichester
0%
Childs
0%
Childwold
0%
China
0%
Chippewa Bay
0%
Chittenango
0%
Churchville
0%
Churubusco
0%
Cicero
0%
Cincinnatus
0%
Circleville
0%
Clarence
0%
Clarence Center
0%
Clarendon
0%
Clark Mills
0%
Clarksburg
0%
Clarkson
0%
Clarksville Albany County
0%
Claverack
0%
Clayton
0%
Clemons
0%
Cleveland
0%
Cleveland Hill
0%
Cleverdale
0%
Clifton Heights
0%
Clifton Park
0%
Clifton Springs
0%
Climax
0%
Clintondale
0%
Clockville
0%
Clums Corners
0%
Clyde
0%
Clymer
0%
Cochecton
0%
Coeymans
0%
Coeymans Hollow
0%
Cohocton
0%
Cold Brook
0%
Colden
0%
Collins
0%
Collins Center
0%
Colonial Village
0%
Colton
0%
Columbia Center
0%
Columbiaville
0%
Commack
0%
Comstock Corners
0%
Concord
0%
Conesus
0%
Conesus Lake
0%
Conewango Valley
0%
Congers
0%
Conklin
0%
Connelly
0%
Constable
0%
Constableville
0%
Constantia
0%
Cooks Falls
0%
Coolidge Beach
0%
Cooper's Corners
0%
Coopersville Clinton County
0%
Coopersville Livingston County
0%
Copake
0%
Copake Falls
0%
Copenhagen
0%
Coram
0%
Corbett
0%
Corfu
0%
Corinth
0%
Cornwall On Hudson
0%
Cornwallville
0%
Cortlandt Manor
0%
Corwin
0%
Cossayuna
0%
Cottekill
0%
Covert
0%
Coxsackie
0%
Cragsmoor
0%
Crains Corners
0%
Cranberry Lake
0%
Crary Mills
0%
Craryville
0%
Creekside
0%
Crescent
0%
Crescent Station
0%
Crittenden
0%
Croghan
0%
Crompond
0%
Cropseyville
0%
Crown Heights
0%
Crown Point
0%
Crugers
0%
Crum Creek
0%
Crystal Beach
0%
Cullen
0%
Cumminsville
0%
Cuylerville
0%
Dale
0%
Dalton
0%
Dansville
0%
Darien Center
0%
Davenport
0%
Davenport Center
0%
Davis Park
0%
Dayton
0%
Deansboro
0%
Deer Park
0%
Deer River
0%
Deferiet
0%
De Kalb Junction
0%
DeKalb Junction
0%
Delancey
0%
Delanson
0%
Delevan
0%
Delhi
0%
Dellwood
0%
Delphi Falls
0%
Delta
0%
Denmark
0%
Dennison Corners
0%
Denver
0%
Depauville
0%
De Peyster
0%
Deposit
0%
Derby
0%
De Ruyter
0%
Dexter
0%
Dexterville
0%
Diamond Point
0%
Dickersonville
0%
Dickinson Center
0%
Dolgeville
0%
Doodletown
0%
Dormansville
0%
Downsville
0%
Doyle
0%
Dresden
0%
Dryden
0%
Duanesburg
0%
Duells Corner
0%
Dundee
0%
Dunsbach Ferry
0%
Durham
0%
Durhamville
0%
Dutchtown
0%
Dysinger
0%
Eagle Bay
0%
Eagle Bridge
0%
Earlton
0%
Earlville
0%
East Amherst
0%
East Aurora
0%
East Avon
0%
East Bethany
0%
East Bloomfield
0%
East Branch
0%
East Chatham
0%
East Concord
0%
East Durham
0%
East Eden
0%
East Elma
0%
East Farmingdale
0%
East Garden City
0%
East Geneva
0%
East Glenville
0%
East Greenbush
0%
East Greenwich
0%
East Homer
0%
East Jewett
0%
East Kingston
0%
East Lake George
0%
East Marion
0%
East Massapequa
0%
East Meredith
0%
East Moriches
0%
East Nassau
0%
East Northport
0%
East Norwich
0%
East Otto
0%
East Palmyra
0%
East Patchogue
0%
East Pharsalia
0%
Eastport
0%
East Quogue
0%
East Randolph
0%
East Rochester
0%
East Rockaway
0%
East Schodack
0%
East Seneca
0%
East Shoreham
0%
East Springfield
0%
East Syracuse
0%
East Varick
0%
East Williamson
0%
East Wilson
0%
East Winfield
0%
Eaton
0%
Eatons Neck
0%
Ebenezer
0%
Eden
0%
Eden Valley
0%
Edmeston
0%
Edwards
0%
Edwards (CDP)
0%
Eggertsville
0%
Elba
0%
Elberta
0%
Elbridge
0%
Eldred
0%
Elizabethtown Herkimer County
0%
Elizaville
0%
Elka Park
0%
Elko
0%
Ellenburg
0%
Ellenburg Center
0%
Ellenburg Depot
0%
Ellicott Erie County
0%
Ellicottville
0%
Ellington
0%
Ellisburg
0%
Elma
0%
Elma Center
0%
Elmhurst Chautauqua County
0%
Elsmere
0%
Elwood
0%
Erin
0%
Esopus
0%
Esperance
0%
Evans Center
0%
Evans Mills
0%
Fabius
0%
Fair Harbor
0%
Fair Haven
0%
Fairmount
0%
Fairport
0%
Fairview Dutchess County
0%
Fairville
0%
Falconer
0%
Fallsburg
0%
Farmers Mills Putnam County
0%
Farmersville Station
0%
Farmingville
0%
Farnham
0%
Felts Mills
0%
Ferndale
0%
Ferry Village
0%
Feura Bush
0%
Fillmore
0%
Findley Lake
0%
Fine
0%
Fire Island Pines
0%
Firthcliffe
0%
Fishers
0%
Fishers Island
0%
Fishers Landing
0%
Fishs Eddy
0%
Flanders
0%
Fleischmanns
0%
Fly Creek
0%
Fonda
0%
Footes
0%
Fordsbush
0%
Forestburgh
0%
Forestport
0%
Forestville
0%
Forks
0%
Fort Ann
0%
Fort Covington
0%
Fort Edward
0%
Fort Hunter
0%
Fort Hunter Albany County
0%
Fort Johnson
0%
Fort Montgomery
0%
Fort Plain
0%
Fort Salonga
0%
Fosterdale
0%
Fowlerville Erie County
0%
Fowlerville Livingston County
0%
Frankfort
0%
Franklin Springs
0%
Franklinville
0%
Fraser Delaware County
0%
Fraser Livingston County
0%
Freedom
0%
Freedom Plains
0%
Freehold
0%
Freeville
0%
Fremont Center
0%
French Mills
0%
Frenchville
0%
Frewsburg
0%
Freysbush
0%
Friendship
0%
Fruit Valley
0%
Fullers
0%
Fultonham
0%
Fultonville
0%
Gabriels
0%
Gainesville
0%
Galeville
0%
Galway
0%
Gananda
0%
Gang Mills
0%
Gansevoort
0%
Garbutt
0%
Garden City South
0%
Gardenville
0%
Gardiner
0%
Gardnertown
0%
Garnerville
0%
Garrison
0%
Garwoods
0%
Gasport
0%
Gates Center
0%
Gates-North Gates
0%
Gayville Oswego County
0%
Genoa
0%
Georgetown
0%
Germantown
0%
Gerry
0%
Getman Corners
0%
Getzville
0%
Gilberts Corners
0%
Gilbertsville
0%
Gilboa
0%
Glasco
0%
Glen Aubrey
0%
Glenfield
0%
Glenford
0%
Glenham
0%
Glen Haven
0%
Glenmont
0%
Glenora
0%
Glen Spey
0%
Glenwood
0%
Glenwood Landing
0%
Goldsmith
0%
Goose Island
0%
Gordon Heights
0%
Gorham
0%
Gouverneur
0%
Gowanda
0%
Grafton
0%
Grahamsville
0%
Grand Gorge
0%
Grandyle Village
0%
Granville
0%
Great Bend
0%
Great Neck Gardens
0%
Great River
0%
Great Valley
0%
Green Acres Valley
0%
Greenbush
0%
Greenbush Rensselaer County
0%
Greene
0%
Greenfield Center
0%
Greenfield Park
0%
Greenlawn
0%
Greenport
0%
Greenvale
0%
Greenville
0%
Greenwood
0%
Greenwood Lake
0%
Gregorytown
0%
Greig
0%
Greigsville
0%
Griffins Mills
0%
Groton
0%
Groton City
0%
Groveland
0%
Groveland Station
0%
Guide Board Corners
0%
Guilderland
0%
Guilderland Center
0%
Guilford
0%
Guinea Town
0%
Hadley
0%
Hagaman
0%
Hagerman
0%
Hague
0%
Hailesboro
0%
Haines Falls
0%
Halcottsville
0%
Hale Eddy
0%
Halesite
0%
Hall
0%
Hambletville
0%
Hamden
0%
Hamlet
0%
Hamlin
0%
Hammond
0%
Hammondsport
0%
Hancock
0%
Hankins
0%
Hannacroix
0%
Hannawa Falls
0%
Hannibal
0%
Happy Valley
0%
Harbor Hills
0%
Harford
0%
Harlemville
0%
Harpersfield
0%
Harriman
0%
Harris Hill
0%
Harrisville
0%
Hartland
0%
Hartwick
0%
Hartwick Seminary
0%
Hastings On Hudson
0%
Hauppauge
0%
Haven
0%
Haviland
0%
Hawkinsville
0%
Hector
0%
Helena
0%
Hemlock
0%
Henderson
0%
Henrietta
0%
Hensonville
0%
Heritage Hills
0%
Hermon
0%
Hermon (hamlet)
0%
Herrings
0%
Hess Road
0%
Hessville
0%
Heuvelton
0%
Hickory Corners
0%
Higgins Bay
0%
High Falls
0%
Highland
0%
Highland Falls
0%
Highland Lake
0%
Highland Mills
0%
Highland Park
0%
Highland Ulster County
0%
Hillburn
0%
Hillcrest Broome County
0%
Hillcrest Rockland County
0%
Hillsdale
0%
Hillside Lake
0%
Hilton
0%
Himrod
0%
Hinmansville
0%
Hinsdale
0%
Hobart
0%
Hoffman
0%
Hoffmans
0%
Hoffmeister
0%
Hogansburg
0%
Holbrook
0%
Holcomb
0%
Holiday House
0%
Holland
0%
Holland Patent
0%
Holley
0%
Hollowville
0%
Holmesville
0%
Holtsville
0%
Homer
0%
Honeoye
0%
Honeoye Falls
0%
Hoosick
0%
Hoosick Falls
0%
Hope
0%
Hope Falls
0%
Hopewell Center
0%
Hopewell Junction
0%
Hopkins Beach
0%
Horseheads
0%
Horseshoe
0%
Horton
0%
Hortonville
0%
Houghton
0%
Howard Beach
0%
Howells
0%
Howes Cave
0%
Hubbardsville
0%
Hudson Falls
0%
Huletts Landing
0%
Hume
0%
Hunts Corners
0%
Hurley
0%
Hurleyville
0%
Huron
0%
Ilion
0%
Indian Lake
0%
Ingham Mills
0%
Inlet
0%
Interlaken
0%
Irish Town
0%
Islamberg
0%
Islandia
0%
Island Park
0%
Islip Terrace
0%
Jacksonburg
0%
Jackson Heights
0%
Jacksonville
0%
Jack's Reef
0%
Jamesport
0%
Jamesville
0%
Jasper
0%
Java Center
0%
Java Village
0%
Jayville
0%
Jefferson Heights
0%
Jeffersonville
0%
Jericho
0%
Jerusalem Corners
0%
Jewell
0%
Jewett
0%
Jewettville
0%
Jimerson Town
0%
Johnsburg
0%
Johnson Creek
0%
Johnsontown
0%
Johnsonville
0%
Jonesville
0%
Jordan
0%
Jordanville
0%
Karner
0%
Kattskill Bay
0%
Kauneonga Lake
0%
Keese Mill
0%
Keeseville
0%
Kelloggsville
0%
Kendall
0%
Kenilworth Erie County
0%
Kennedy
0%
Kenoza Lake
0%
Kent
0%
Kent Orleans County
0%
Kenwood
0%
Kerhonkson
0%
Keuka Park
0%
Kiamesha Lake
0%
Killawog
0%
Kill Buck
0%
Kingdom
0%
King Ferry
0%
Kingsboro
0%
Kings Park
0%
Kirkwood
0%
Kismet
0%
Knowlesville
0%
Knox
0%
Knoxboro
0%
Kysorville
0%
Lacona
0%
La Fargeville
0%
Lake Carmel
0%
Lake Clear
0%
Lake Delta
0%
Lake Erie Beach
0%
Lake Grove
0%
Lake Hill
0%
Lake Huntington
0%
Lake Katrine
0%
Lakeland
0%
Lake Luzerne
0%
Lakemont
0%
Lake Peekskill
0%
Lake Pleasant
0%
Lake Ronkonkoma
0%
Lake View
0%
Lakeville
0%
Lakewood
0%
Lancaster
0%
Langford
0%
Lansing
0%
Lansingburgh
0%
Laona
0%
Latham
0%
Laurens
0%
Lawrence
0%
Lawtons
0%
Lee
0%
Lee Center
0%
Leeds
0%
Leicester
0%
Leon
0%
Leonardsville
0%
Le Roy
0%
Lewiston
0%
Lexington
0%
Lily Dale
0%
Lima
0%
Lime Lake
0%
Limerick
0%
Limestone
0%
Lincolndale
0%
Lincoln Park
0%
Lincoln Wayne County
0%
Linden Acres
0%
Lindley
0%
Linwood
0%
Lisbon
0%
Lisha Kill
0%
Lisle
0%
Lithgow
0%
Little Genesee
0%
Little Valley
0%
Little York
0%
Livingston
0%
Livingston Manor
0%
Livingstonville
0%
Livonia
0%
Livonia Center
0%
Loch Sheldrake
0%
Lock Berlin
0%
Locke
0%
Locksley Park
0%
Locust Valley
0%
Lodi
0%
Lonelyville
0%
Long Eddy
0%
Long Lake
0%
Loomis Delaware County
0%
Looneyville
0%
Loon Lake
0%
Lorraine
0%
Loudonville
0%
Lounsberry
0%
Love Canal
0%
Loveland
0%
Lower South Bay
0%
Lowman
0%
Lowville
0%
Ludingtonville
0%
Lycoming
0%
Lyncourt
0%
Lyndonville
0%
Lyons
0%
Lyons Falls
0%
Mabbettsville
0%
Macedon
0%
Macedon Center
0%
Machias
0%
Madrid
0%
Magee
0%
Malden
0%
Malden Bridge
0%
Mallory
0%
Manchester
0%
Manhasset Hills
0%
Manlius
0%
Mannsville
0%
Mannsville Albany County
0%
Manorville
0%
Maplecrest
0%
Maple Springs
0%
Mapleton
0%
Marathon
0%
Marbletown Wayne County
0%
Marcellus
0%
Marcy
0%
Marengo
0%
Margaretville
0%
Marietta
0%
Marilla
0%
Marlboro
0%
Marshfield
0%
Martinsburg
0%
Martisco
0%
Maryland
0%
Masonville
0%
Massena Center
0%
Mastic Beach
0%
Mattituck
0%
Mattydale
0%
Maybrook
0%
Mays Point
0%
Mayville
0%
McConnellsville
0%
Mc Donough
0%
Mc Graw
0%
McGrawville
0%
McKeever
0%
McKownville
0%
McLean
0%
McNalls
0%
Mechanicstown
0%
Mechanicville
0%
Meco
0%
Medina
0%
Medusa
0%
Mellenville
0%
Melrose
0%
Memphis
0%
Meridale
0%
Meridian
0%
Merritt Park
0%
Mexico
0%
Michigan Corners
0%
Middleburgh
0%
Middle Falls
0%
Middle Granville
0%
Middle Grove
0%
Middle Island
0%
Middleport
0%
Middlesex
0%
Middleville
0%
Mid Island
0%
Milford
0%
Miller Place
0%
Millers Mills
0%
Millers Mills Crossing
0%
Millersport
0%
Millgrove
0%
Mill Neck
0%
Millport
0%
Millville
0%
Millwood
0%
Milton Ulster County
0%
Minerva
0%
Minetto
0%
Minisink Ford
0%
Minnehaha
0%
Minoa
0%
Model City
0%
Modena
0%
Mohawk Hill
0%
Moira
0%
Molyneaux Corners
0%
Mongaup Valley
0%
Monsey
0%
Montezuma
0%
Montour Falls
0%
Montrose
0%
Moravia
0%
Moriah
0%
Moriah Center
0%
Moriches
0%
Morley
0%
Morrisonville
0%
Morton Corners
0%
Mottville
0%
Mountain Dale
0%
Mountain Lodge Park
0%
Mountainville
0%
Mount Ivy
0%
Mount Marion
0%
Mount Sinai
0%
Mount Upton
0%
Mount Vernon Erie County
0%
Mount Vision
0%
Mud Mills
0%
Mumford
0%
Municipality
0%
Munnsville
0%
Munsons Corners
0%
Murrays Corner
0%
Mycenae
0%
Myers Corner
0%
Napanoch
0%
Napeague
0%
Narrowsburg
0%
Nashville
0%
Natural Bridge
0%
Nedrow
0%
Nelliston
0%
Nesconset
0%
Neversink
0%
Newark Valley
0%
New Baltimore
0%
New Berlin
0%
New Boston
0%
New Cassel
0%
Newcomb
0%
New Ebenezer
0%
Newfane
0%
Newfield
0%
New Hampton
0%
New Haven
0%
New Hyde Park (unincorporated)
0%
New Kingston
0%
New Lebanon
0%
New Lisbon
0%
New Oregon
0%
Newport
0%
New Salem
0%
New Suffolk
0%
Newton Falls
0%
Newtonville
0%
Newville
0%
New Windsor
0%
New Woodstock
0%
New York Mills
0%
Nichols
0%
Nineveh
0%
Niskayuna
0%
Niverville
0%
Nobleboro
0%
North Amityville
0%
Northampton Suffolk County
0%
North Babylon
0%
North Bailey
0%
North Bangor
0%
North Bay
0%
North Bellmore
0%
North Bellport
0%
North Bergen
0%
North Blenheim
0%
North Boston
0%
North Branch
0%
North Brookfield
0%
North Chatham
0%
North Chili
0%
North Collins
0%
North Columbia
0%
North Creek
0%
North Evans
0%
North Fenton
0%
Northfield Delaware County
0%
North Gates
0%
North Granville
0%
North Greece
0%
North Hartland
0%
North Hoosick
0%
North Hudson
0%
North Java
0%
North Lindenhurst
0%
North Lynbrook
0%
North Massapequa
0%
North Norwich
0%
North Patchogue
0%
North Pitcher
0%
North Pole
0%
Northport
0%
North Ridge
0%
North River
0%
Northville
0%
North Western
0%
North Wilmurt
0%
Norwood
0%
Noxon
0%
Noyack
0%
Nunda
0%
Oakdale
0%
Oakfield
0%
Oakfield Erie County
0%
Oak Hill
0%
Oak Orchard
0%
Oaks Corners
0%
Obernburg
0%
Ocean Bay Park
0%
Odessa
0%
Ogdensburg
0%
Olcott
0%
Old Bethpage
0%
Old Chatham
0%
Old Forge
0%
Old Hurley
0%
Olivebridge
0%
Olmstedville
0%
Oneida Corners
0%
Onondaga Hill
0%
Ontario Center
0%
Orange Lake
0%
Orangeport
0%
Orendorf Corners
0%
Orient
0%
Orwell
0%
Oswegatchie
0%
Otego
0%
Otisville
0%
Otter Lake
0%
Otto
0%
Owls Head
0%
Oxbow
0%
Painted Post
0%
Palatine Bridge
0%
Palentown
0%
Palenville
0%
Palmyra
0%
Pamelia Center
0%
Panama
0%
Parc
0%
Parish
0%
Parishville
0%
Parksville
0%
Patchin
0%
Patterson
0%
Pavilion
0%
Peach Lake
0%
Peconic
0%
Pekin
0%
Pendleton
0%
Pendleton Center
0%
Penfield
0%
Pennellville
0%
Penn Yan
0%
Perry
0%
Perry Center
0%
Perrysburg
0%
Perryville
0%
Peterboro
0%
Petersburg
0%
Peters Corners
0%
Petrolia
0%
Phelps
0%
Philadelphia
0%
Philmont
0%
Phoenicia
0%
Phoenix
0%
Phoenix Mills
0%
Piercefield
0%
Piermont
0%
Pierrepont Manor
0%
Pierstown
0%
Piffard
0%
Pike
0%
Pilot Knob
0%
Pine Bush
0%
Pine Hill
0%
Pine Hill Erie County
0%
Pinehurst
0%
Pine Island
0%
Pinesville
0%
Pine Valley Chemung County
0%
Piseco
0%
Pitcher
0%
Plainedge
0%
Plainville
0%
Plattekill
0%
Pleasant Brook
0%
Pleasant Corners
0%
Pleasant Plains Dutchess County
0%
Plessis
0%
Plymouth
0%
Pocantico Hills
0%
Podunk
0%
Poestenkill
0%
Point Breeze
0%
Point Lookout
0%
Point O' Woods
0%
Point Rock
0%
Poland
0%
Pomona
0%
Pompey
0%
Pompey Center
0%
Pond Eddy
0%
Pontiac
0%
Poplar Ridge
0%
Portageville
0%
Port Byron
0%
Porter Center
0%
Porter Corners
0%
Porterville
0%
Port Ewen
0%
Port Jefferson Station
0%
Port Kent
0%
Portland
0%
Portlandville
0%
Port Leyden
0%
Portville
0%
Potterville
0%
Pound Ridge
0%
Powley Place
0%
Prattsburgh
0%
Prattsville
0%
Preble
0%
Presho
0%
Preston Hollow
0%
Prospect
0%
Protection
0%
Pulaski
0%
Pulteney
0%
Pultneyville
0%
Purling
0%
Putnam Lake
0%
Putnam Station
0%
Pyrites
0%
Quaker Hill
0%
Quaker Springs
0%
Quaker Street
0%
Quiogue
0%
Rainbow Lake
0%
Randolph
0%
Ransomville
0%
Rapids
0%
Raquette Lake
0%
Ravena
0%
Ray Brook
0%
Raymond
0%
Raymondville
0%
Reading Center
0%
Red Creek
0%
Redfield
0%
Red Oaks Mill
0%
Redwood
0%
Remsen
0%
Remsenburg
0%
Rensselaer
0%
Rensselaer Falls
0%
Rensselaerville
0%
Retsof
0%
Rexford
0%
Rexville
0%
Reynoldston
0%
Rhinebeck
0%
Rhinecliff
0%
Richburg
0%
Richfield
0%
Richfield Springs
0%
Richford
0%
Richland
0%
Richmond Hill
0%
Richmondville
0%
Richville
0%
Ridge
0%
Ridgewood Niagara County
0%
Rifton
0%
Riparius
0%
Riverside Suffolk County
0%
Rock City Falls
0%
Rockdale
0%
Rock Hill
0%
Rockland Lake State Park
0%
Rock Rift
0%
Rock Stream
0%
Rocky Point
0%
Rodman
0%
Roessleville
0%
Roosevelt Beach
0%
Rooseveltown
0%
Rose
0%
Roseboom
0%
Rose Hill
0%
Rosendale
0%
Roslyn Heights
0%
Rotterdam Junction
0%
Round Lake
0%
Round Top
0%
Royalton Center
0%
Ruby
0%
Rush
0%
Rushford
0%
Rushville
0%
Russell
0%
Sabael
0%
Sackets Harbor
0%
Sagaponack
0%
Sag Harbor
0%
Saint Bonaventure
0%
Saint James
0%
Saint Johnsburg
0%
Saint Johnsville
0%
Saint Regis
0%
Salisbury Center
0%
Salisbury Herkimer County
0%
Salisbury Nassau County
0%
Salt Point
0%
Salt Springville
0%
Sanborn
0%
Sand Hill
0%
Sand Lake
0%
Sand Ridge
0%
Sandusky
0%
Sandy Beach
0%
Sandy Creek
0%
Sanfords Four Corners
0%
Sangerfield
0%
Saranac Lake
0%
Sardinia
0%
Saugerties South
0%
Savannah
0%
Savona
0%
Sawyer
0%
Sawyer Orleans County
0%
Schaghticoke
0%
Schenevus
0%
Schodack Center
0%
Schodack Landing
0%
Schroon Lake
0%
Schuyler Corners
0%
Schuyler Falls
0%
Schuyler Lake
0%
Schuylerville
0%
Scipio Center
0%
Scotchtown
0%
Scottsburg
0%
Scotts Corners
0%
Scottsville
0%
Scranton
0%
Sea Cliff
0%
Seager
0%
Selden
0%
Selkirk
0%
Seneca Castle
0%
Seneca Knolls
0%
Setauket
0%
Shady
0%
Shandaken
0%
Sharon Springs
0%
Shavertown
0%
Shawnee
0%
Sheds
0%
Sheenwater
0%
Shelter Island Heights
0%
Shenandoah
0%
Shenorock
0%
Shepard Settlement
0%
Sherburne
0%
Sheridan
0%
Sherman
0%
Sherwood
0%
Shinhopple
0%
Shinnecock Hills
0%
Shirley Erie County
0%
Shokan
0%
Shooktown
0%
Shoreham
0%
Shortsville
0%
Shushan
0%
Sickletown
0%
Sidney
0%
Sidney Center
0%
Silver Bay
0%
Silver Creek
0%
Silver Lake Wyoming County
0%
Silvernails
0%
Silver Springs
0%
Sinclairville
0%
Skaneateles
0%
Skerry
0%
Slate Hill
0%
Slaterville Springs
0%
Slingerlands
0%
Sloansville
0%
Sloatsburg
0%
Smallwood
0%
Smithboro
0%
Smithville Flats
0%
Smyrna
0%
Snyder
0%
Snyder's Lake
0%
Sodom
0%
Sodus
0%
Sodus Center
0%
Sodus Point
0%
Somerset
0%
Sound Beach
0%
South Bay
0%
South Bethlehem
0%
South Brookfield
0%
South Butler
0%
South Cairo
0%
South Canisteo
0%
South Cheektowaga
0%
South Colton
0%
South Columbia
0%
South Dayton
0%
South Edmeston
0%
South Fallsburg
0%
South Farmingdale
0%
South Glens Falls
0%
South Hartford
0%
South Hartwick
0%
South Haven
0%
South Hempstead
0%
South Huntington
0%
South Jamesport
0%
South Kortright
0%
South Lima
0%
South Lockport
0%
South New Berlin
0%
South Newstead
0%
Southold
0%
South Otselic
0%
South Plymouth
0%
Southport
0%
South Somerset
0%
South Valley Stream
0%
South Wales
0%
South Wilson
0%
Spackenkill
0%
Spafford Valley
0%
Sparkill
0%
Sparrow Bush
0%
Sparta Ossining
0%
Speculator
0%
Spencer
0%
Spencerport
0%
Spencertown
0%
Speonk
0%
Spinnerville
0%
Split Rock
0%
Sprakers
0%
Spring Brook
0%
Springfield Center
0%
Spring Glen
0%
Springs
0%
Springville
0%
Springwater
0%
Sprout Brook
0%
Staatsburg
0%
Stafford
0%
Stamford
0%
Stanfordville
0%
Stanley
0%
Stannards
0%
Star Lake
0%
St. Bonaventure
0%
Steamburg
0%
Stella Niagara
0%
Stephentown
0%
Sterling
0%
Sterling Forest
0%
Sterlington
0%
Stilesville
0%
Stillwater
0%
Stittville
0%
St. James
0%
St. John's in the Wilderness
0%
Stockton
0%
Stone Ridge
0%
Stony Creek
0%
Stony Point
0%
Stottville
0%
Stow
0%
Stratford
0%
Streeters Corners
0%
Strongs Neck
0%
Strykersville
0%
Stuyvesant
0%
Stuyvesant Falls
0%
Sugar Loaf
0%
Summit
0%
Summitville
0%
Sunset Bay
0%
Sunset Beach
0%
Swain
0%
Swan Lake
0%
Swastika
0%
Swifts Mills
0%
Swormville
0%
Sylvan Beach
0%
Sylvan Lake
0%
Tabasco
0%
Taberg
0%
Tahawus
0%
Talcottville
0%
Tannersville
0%
Taunton
0%
Taylor Hollow
0%
Terrys Corners
0%
Terryville
0%
Texas
0%
Thendara
0%
Theresa
0%
Thompson Ridge
0%
Thompsonville
0%
Thousand Island Park
0%
Three Mile Bay
0%
Tillson
0%
Tioga Center
0%
Titusville
0%
Tomkins Cove
0%
Tompkins Corners
0%
Towers Corners
0%
Town Line Station
0%
Trapps Mountain Hamlet
0%
Treadwell
0%
Tribes Hill
0%
Troupsburg
0%
Trout Creek
0%
Trout River
0%
Trumansburg
0%
Truxton
0%
Tuckahoe Suffolk County
0%
Tunnel
0%
Tupper Lake
0%
Turin
0%
Tuscarora
0%
Tyre
0%
Tyrone
0%
Ulster Park
0%
Unadilla
0%
Unadilla Forks
0%
Union Hill
0%
Union Springs
0%
Unionville
0%
University Gardens
0%
Upper Barbourville
0%
Upper Benson
0%
Upper St. Regis
0%
Upton
0%
Vails Gate
0%
Valatie
0%
Valentown
0%
Valley Brook
0%
Valley Cottage
0%
Valley Falls
0%
Van Buren Point
0%
Van Etten
0%
Van Hornesville
0%
Van Keurens
0%
Varick
0%
Varna
0%
Venice Center
0%
Verbank
0%
Verdoy
0%
Vermontville
0%
Vernon Center
0%
Vernon Valley
0%
Verona Beach
0%
Verona Mills
0%
Versailles
0%
Veteran Ulster County
0%
Victor
0%
Victory Mills
0%
Village Green
0%
Viola
0%
Vischer Ferry
0%
Voorheesville
0%
Waddington
0%
Wading River
0%
Wadsworth
0%
Wainscott
0%
Walden Cliffs
0%
Wales Center
0%
Wales Hollow
0%
Walker Valley
0%
Wallington
0%
Wallkill
0%
Wallkill Ulster County
0%
Walmore
0%
Walton
0%
Walworth
0%
Wampsville
0%
Wanakah
0%
Wanakena
0%
Warners
0%
Warnerville
0%
Warrens Corners
0%
Warsaw
0%
Warwick
0%
Washingtonville
0%
Wassaic
0%
Watchtower
0%
Waterboro
0%
Waterford
0%
Water Island
0%
Water Mill
0%
Waterport
0%
Water Valley
0%
Waverly
0%
Wawarsing
0%
Wayland
0%
Wayne
0%
Wayne Center
0%
Webster
0%
Webster Corners
0%
Websters Crossing
0%
Weedsport
0%
Wells
0%
Wells Bridge
0%
Wellsburg
0%
Wellsville
0%
Wemple
0%
Wende
0%
Wendelville
0%
West Alden
0%
West Babylon
0%
West Bangor
0%
West Bloomfield
0%
Westbrookville
0%
West Burlington
0%
Westbury Cayuga County
0%
West Camp
0%
West Chazy
0%
West Clarksville
0%
West Copake
0%
West Davenport
0%
West Edmeston
0%
Westerlo
0%
Westernville
0%
West Falls
0%
Westford
0%
West Fulton
0%
West Glens Falls
0%
Westhampton Beach
0%
West Haverstraw
0%
West Hills
0%
West Hurley
0%
West Kill
0%
West Lebanon
0%
West Leyden
0%
Westmere
0%
West Milton
0%
West Monroe
0%
West Oneonta
0%
Weston Mills
0%
Westons Mills
0%
West Park
0%
West Sand Lake
0%
West Saugerties
0%
West Sayville
0%
West Seneca
0%
West Shokan
0%
West Somerset
0%
West Stockholm
0%
West Valley
0%
Westville
0%
West Walworth
0%
West Winfield
0%
Weyer
0%
Wheatland Center
0%
Wheatley Heights
0%
Wheelertown
0%
Whippleville
0%
White Lake Sullivan County
0%
Whitesboro
0%
White Sulphur Springs
0%
Whitney Point
0%
Wiccopee
0%
Wilhelm
0%
Willard
0%
Willet
0%
Williamson
0%
Willink
0%
Williston
0%
Williston Park
0%
Willow
0%
Willseyville
0%
Wilmurt
0%
Wincoma
0%
Windham
0%
Windom
0%
Wolcott
0%
Wolcottsburg
0%
Wolcottsville
0%
Woodbourne
0%
Woodbury Nassau County
0%
Woodgate
0%
Woodhull
0%
Woodlawn Erie County
0%
Woodridge
0%
Woodside Erie County
0%
Woodsville
0%
Woodville Jefferson County
0%
Woodville Ontario County
0%
Worcester
0%
Wurtsboro
0%
Wurtsboro Hills
0%
Wyandale
0%
Wynantskill
0%
Yorkshire
0%
Yorkville
0%
Youngs Crossing
0%
Youngstown
0%
Youngsville
0%
Zena
0%
Zoar
0%
No matching quizzes found
Score Distribution
Percent of People with Each Score
Percentile by Number Answered
Your Score History
You have not taken this quiz since the last reset